000 00777nam a2200205 a 4500
001 000026585
005 20200930030310.0
008 110323s1989 dr ac 000 0 spa d
040 _aDO-SdBNP
_bspa
_cBNPHU
082 _a232.91097293
_bR696b
100 1 _aRodríguez Botello, Atilio
_953696
245 1 0 _aBreve historia de la devoción y culto a la Sma. Virgen de la Altagracia /
_cAtilio Rodríguez Botello.
260 _aSanto Domingo :
_b[s.n.],
_c1989.
_fImpresora Mary
300 _a248 p. :
_bil., retrs. ;
_c22 cm.
590 _aInventariado, 2018/BT
600 0 4 _aVIRGEN DE LA ALTAGRACIA
_xHISTORIA
_92170
600 0 4 _aVIRGEN MARÍA
_xCANTICOS
_92171
600 0 4 _aVIRGEN MARÍA
_xDEVOCIONARIOS
_zREPÚBLICA DOMINICANA
_92172
910 _aValidado. Control de calidad. EMS
999 _c26077
_d26077